000 00853cam a2200241 4500
001 J2175
008 090401t1994 xxu||||| |||| 00| 0 eng d
035 _a(Sirsi) u47643
041 _aeng
050 _a333.73
110 _aUnited Kingdom
_bDepartment of the Environment
_9982
245 _aPaying for our past: the arrangements for controlling contaminated land and meeting the costs of remedying the damage to the environment: a consultation paper...March 1994.
260 _aLondob
_bDepartment of the Environment
_c1994
300 _a44,(4)p. ; 30cm.
350 _a0
650 _aCONTAMINATED LAND
650 _aPAYING FOR OUR PAST
650 _aBUILT ENVIRONMENT-BUILDING COSTS-REINSTATEMENT COSTS
690 _aENVIRONMENTAL AND LAND CONSULTANCY
710 _aUnited Kingdom
_bWelsh Office
_91214
942 _n0
948 _c04/03/1997
999 _c92165
_d92165